Առակներ և պարադոքսներ / (Record no. 358685)
[ view plain ]
| 000 -LEADER | |
|---|---|
| fixed length control field | 00779nam a2200229 a 4500 |
| 001 - CONTROL NUMBER | |
| control field | 001114692 |
| 003 - CONTROL NUMBER IDENTIFIER | |
| control field | AM-YEHGA |
| 005 - DATE AND TIME OF LATEST TRANSACTION | |
| control field | 20250617151826.0 |
| 008 - FIXED-LENGTH DATA ELEMENTS--GENERAL INFORMATION | |
| fixed length control field | 151210s2014 ai a|||gr|||||||||1|arm|d |
| 020 ## - INTERNATIONAL STANDARD BOOK NUMBER | |
| International Standard Book Number | 9785550017432 |
| 040 ## - CATALOGING SOURCE | |
| Original cataloging agency | AM-YeHGA |
| 041 1# - LANGUAGE CODE | |
| Language code of text/sound track or separate title | arm |
| Language code of original | ger |
| 090 ## - LOCALLY ASSIGNED LC-TYPE CALL NUMBER (OCLC); LOCAL CALL NUMBER (RLIN) | |
| -- | 360510 |
| 100 1# - MAIN ENTRY--PERSONAL NAME | |
| Personal name | Կաֆկա, Ֆրանց, |
| Dates associated with a name | 1883-1924 |
| 245 10 - TITLE STATEMENT | |
| Title | Առակներ և պարադոքսներ / |
| Statement of responsibility, etc. | Ֆ. Կաֆկա; Թարգմ. գերմ.՝ Հ. Նավասարդյան. |
| 246 15 - VARYING FORM OF TITLE | |
| Title proper/short title | Parabeln und paradoxe |
| 260 ## - PUBLICATION, DISTRIBUTION, ETC. | |
| Place of publication, distribution, etc. | Երևան : |
| Name of publisher, distributor, etc. | Նաիրի, |
| Date of publication, distribution, etc. | 2014. |
| 300 ## - PHYSICAL DESCRIPTION | |
| Extent | 71 էջ. : |
| Other physical details | դիմանկ. ; |
| Dimensions | 20 սմ. |
| 650 10 - SUBJECT ADDED ENTRY--TOPICAL TERM | |
| Topical term or geographic name entry element | Ավստրիական գրականություն |
| General subdivision | Արձակ |
| 700 1# - ADDED ENTRY--PERSONAL NAME | |
| Personal name | Նավասարդյան, Հերմինե |
| Relator term | թարգմ. |
| Relationship | trl |
| 942 ## - ADDED ENTRY ELEMENTS (KOHA) | |
| Source of classification or shelving scheme | Universal Decimal Classification |
| Koha item type | Գրքեր / Books |
| Withdrawn status | Lost status | Damaged status | Not for loan | Collection | Home library | Current library | Date acquired | Cost, normal purchase price | Shelving control number | Total checkouts | Full call number | Barcode | Date last seen | Price effective from | Koha item type | Public note | Source of classification or shelving scheme |
|---|---|---|---|---|---|---|---|---|---|---|---|---|---|---|---|---|---|
| General | Fundamental Scientific Library | Fundamental Scientific Library | 11/01/2017 | 1000.00 | AII/100997 | FL0365395 | 11/01/2017 | 11/01/2017 | Գրքեր / Books | 30 Days Loan | |||||||
| General | Fundamental Scientific Library | Fundamental Scientific Library | 11/01/2017 | 1000.00 | AII/100998 | FL0365396 | 11/01/2017 | 11/01/2017 | Գրքեր / Books | 30 Days Loan | |||||||
| General | Fundamental Scientific Library | Fundamental Scientific Library | 10/07/2023 | AII/110445 | FL0672487 | 10/07/2023 | 10/07/2023 | Գրքեր / Books | 30 Days Loan | Universal Decimal Classification |
ՀՀ Գիտությունների ազգային ակադեմիայի հիմնարար գիտական գրադարան = Fundamental Scientific Library of NAS RA
All site content, except where otherwise noted, is licensed under a